[Event "British Universities-ch"]
[Site "Leicester"]
[Date "2024.02.24"]
[Round "?"]
[White "MacNeil, Elliott"]
[Black "Cont, Arya"]
[Result "1/2-1/2"]
[WhiteElo "1677"]
[BlackElo "1993"]
[PlyCount "136"]
[EventDate "2024.02.24"]
[EventType "team-swiss (rapid)"]
[EventRounds "9"]
[EventCountry "ENG"]
[SourceTitle "CB11_2024"]
[SourceDate "2024.03.13"]
[SourceVersion "1"]
[SourceVersionDate "2024.03.13"]
[SourceQuality "1"]
[WhiteTeam "UCL"]
[BlackTeam "Warwick"]
[WhiteTeamCountry "ENG"]
[BlackTeamCountry "ENG"]

1. d4 Nf6 2. c4 g6 3. Nf3 Bg7 4. g3 d5 5. Bg2 dxc4 6. 0-0 0-0 7. Ne5 c5 8. dxc5 Qc7 9. Nxc4 Rd8 10. Bf4 Rxd1 11. Bxc7 Rxf1+ 12. Kxf1 Na6 13. Be5 Nxc5 14. Nc3 Be6 15. Ne3 a5 16. Bd4 Nfd7 17. Bxg7 Kxg7 18. Ned5 Bxd5 19. Nxd5 e6 20. Ne3 Kf8 21. Rd1 Ke7 22. Nc4 Ra6 23. f4 b5 24. Na3 Rb6 25. Nc2 Na4 26. Nd4 Nxb2 27. Rb1 Nc4 28. Rxb5 Rd6 29. Nc6+ Kf6 30. Nxa5 Ne3+ 31. Kf2 Ng4+ 32. Ke1 Nb6 33. e4 Rd4 34. Rxb6 Ra4 35. Nc6 Rxa2 36. e5+ Kg7 37. Be4 Rxh2 38. Rb7 Rh3 39. Nd8 Rxg3 40. Nxe6+ Kh6 41. Ng5 Nxe5 42. Kf2 Rg4 43. Nxf7+ Nxf7 44. Rxf7 Rh4 45. Kg3 Rh5 46. Rd7 Rc5 47. Bd5 Rc8 48. Kg4 Rf8 49. Be4 Re8 50. Bb7 Rf8 51. Be4 Re8 52. Bd3 Rf8 53. Rd6 Kg7 54. Kg5 Rf7 55. Rd8 Rc7 56. Rd5 Rf7 57. Bc4 Rc7 58. Rd4 Rc5+ 59. Kg4 Rc7 60. Bd3 Re7 61. Rd6 Rc7 62. Rd8 Kh6 63. Be4 Kg7 64. Bd5 Kh6 65. Rg8 Rd7 66. Be6 Re7 67. Bc8 Rc7 68. Rd8 Re7 1/2-1/2

[Event "BCF-chT 2324 (4NCL)"]
[Site "England"]
[Date "2024.01.14"]
[Round "4.5"]
[White "Pein, Jonathan"]
[Black "Cont, Arya"]
[Result "1-0"]
[WhiteElo "2273"]
[BlackElo "2047"]
[PlyCount "81"]
[EventDate "2023.11.11"]
[EventType "team-tourn"]
[EventRounds "11"]
[EventCountry "ENG"]
[SourceTitle "CB11_2024"]
[SourceDate "2024.03.13"]
[SourceVersion "1"]
[SourceVersionDate "2024.03.13"]
[SourceQuality "1"]
[WhiteTeam "Celtic Tigers"]
[BlackTeam "Oxford"]
[WhiteTeamCountry "ENG"]
[BlackTeamCountry "ENG"]

1. e4 e5 2. Nc3 Nf6 3. d4 exd4 4. Qxd4 Nc6 5. Qd3 Bb4 6. Bd2 0-0 7. 0-0-0 d6 8. Qg3 Ne5 9. f3 Be6 10. h4 Nh5 11. Qh2 f5 12. exf5 Bxf5 13. g4 Nxf3 14. Nxf3 Bxg4 15. Bc4+ Kh8 16. Ng5 Bxd1 17. Rxd1 Qd7 18. Be6 Qe8 19. Qe2 Nf6 20. Qc4 Ba5 21. Nf7+ Rxf7 22. Bxf7 Qd7 23. h5 c6 24. Be6 d5 25. Qe2 Qe7 26. Bg4 Qd6 27. h6 gxh6 28. Qf3 Rg8 29. Bf5 Rg3 30. Qf1 Nh5 31. Kb1 Qf8 32. Qf2 Bb6 33. Qf1 Ba5 34. Bd3 Rf3 35. Qe1 Ng7 36. Bxh6 Rf6 37. Bd2 Ne6 38. Qe5 Bc7 39. Qh5 Qf7 40. Qh4 Nf4 41. Bxh7 1-0

[Event "ENG Clubs"]
[Site "Hull"]
[Date "2023.10.22"]
[Round "4.2"]
[White "Cont, Arya"]
[Black "Ciuravin, Andrei"]
[Result "1/2-1/2"]
[WhiteElo "2039"]
[BlackElo "2055"]
[PlyCount "115"]
[EventDate "2023.10.20"]
[EventType "team-tourn"]
[EventRounds "5"]
[EventCountry "ENG"]
[SourceTitle "Mega2024 Update 01"]
[Source "Chessbase"]
[SourceDate "2023.11.12"]
[SourceVersion "1"]
[SourceVersionDate "2023.11.12"]
[SourceQuality "1"]
[WhiteTeam "Warwick Univ"]
[BlackTeam "Hull"]
[WhiteTeamCountry "ENG"]
[BlackTeamCountry "ENG"]

1. Nf3 d6 2. b3 Nf6 3. Bb2 g6 4. d4 Bg7 5. Nc3 0-0 6. Qd2 c6 7. e4 b5 8. Bd3 Qc7 9. Ne2 Nbd7 10. a4 Rb8 11. axb5 cxb5 12. 0-0 a6 13. c4 bxc4 14. bxc4 Bb7 15. Nc3 e6 16. Qe2 Rfe8 17. Rfc1 Bf8 18. Ba3 Nh5 19. Qe3 Nhf6 20. Bb4 Qc8 21. Ba5 Bg7 22. h3 e5 23. dxe5 Nxe5 24. Nxe5 Rxe5 25. Nd5 Re8 26. Rab1 Bxd5 27. cxd5 Rxb1 28. Bxb1 Qb7 29. Qf4 Qb2 30. Qd2 Qb7 31. Qb4 Qe7 32. Rc4 Nh5 33. Bd3 Be5 34. Bf1 Qg5 35. Qb3 Qf6 36. Qb4 Qf4 37. g3 Nxg3 38. fxg3 Qe3+ 39. Kh1 Qxg3 40. Qd2 Rb8 41. Qg2 Qa3 42. Bd2 Rb2 43. Bc1 Rxg2 44. Bxa3 Ra2 45. Bc1 a5 46. Bh6 f6 47. Rc8+ Kf7 48. Rc7+ Ke8 49. Bb5+ Kd8 50. Rd7+ Kc8 51. Be3 Rh2+ 52. Kg1 Rxh3 53. Ba7 Rb3 54. Bc6 a4 55. Re7 a3 56. Re8+ Kc7 57. Re7+ Kc8 58. Re8+ 1/2-1/2

[Event "Birmingham op"]
[Site "Birmingham"]
[Date "2022.11.20"]
[Round "4"]
[White "Cont, Arya"]
[Black "Arora, Tashika"]
[Result "1-0"]
[WhiteElo "2199"]
[BlackElo "2034"]
[PlyCount "57"]
[EventDate "2022.11.19"]
[EventType "swiss"]
[EventRounds "5"]
[EventCountry "ENG"]
[SourceTitle "CBM 211 Extra"]
[Source "ChessBase"]
[SourceDate "2023.01.31"]
[SourceVersion "1"]
[SourceVersionDate "2023.01.31"]
[SourceQuality "1"]

1. e4 e5 2. Nf3 Nc6 3. Bc4 Nf6 4. d4 exd4 5. 0-0 Bc5 6. e5 d5 7. exf6 dxc4 8. Re1+ Be6 9. Ng5 Bb4 10. c3 dxc3 11. fxg7 Rg8 12. Qh5 Kd7 13. bxc3 Bd6 14. Nd2 Kc8 15. Nxf7 Bxf7 16. Qxf7 Be5 17. Nxc4 Bxc3 18. Bg5 Qxg5 19. Qe6+ Kb8 20. Qxg8+ Nd8 21. Rad1 Bf6 22. Re8 b5 23. Rexd8+ Kb7 24. Rxa8 Bxg7 25. Qc8+ Kc6 26. Qa6+ Kc5 27. Ne3 c6 28. Qxa7+ Kb4 29. Qa3# 1-0

[Event "Birmingham op"]
[Site "Birmingham"]
[Date "2022.11.19"]
[Round "1"]
[White "Wareing, John P"]
[Black "Cont, Arya"]
[Result "1/2-1/2"]
[WhiteElo "2008"]
[BlackElo "2199"]
[PlyCount "103"]
[EventDate "2022.11.19"]
[EventType "swiss"]
[EventRounds "5"]
[EventCountry "ENG"]
[SourceTitle "CBM 211 Extra"]
[Source "ChessBase"]
[SourceDate "2023.01.31"]
[SourceVersion "1"]
[SourceVersionDate "2023.01.31"]
[SourceQuality "1"]

1. e4 e5 2. Nf3 Nc6 3. Bb5 f5 4. Bxc6 bxc6 5. exf5 e4 6. Qe2 Qe7 7. Nd4 Qe5 8. c3 Bd6 9. Na3 Bxa3 10. bxa3 Nf6 11. f3 c5 12. Nb3 0-0 13. 0-0 d6 14. g4 exf3 15. Qxf3 Ba6 16. d4 cxd4 17. cxd4 Qe8 18. Rf2 Qe1+ 19. Kg2 Nxg4 20. Qxg4 Bb7+ 21. Rf3 Qe2+ 22. Kg3 Qxf3+ 23. Qxf3 Bxf3 24. Kxf3 Rxf5+ 25. Kg2 Re8 26. Bd2 Re2+ 27. Kg3 Rff2 28. Rc1 Rg2+ 29. Kf3 Rxh2 30. Rxc7 Rhf2+ 31. Kg3 Rxd2 32. Nxd2 Rxd2 33. Rxa7 Rxd4 34. a4 Rd2 35. a5 Rxa2 36. Kf4 h6 37. Kf5 Kh7 38. Ra8 d5 39. Ke5 h5 40. Kf5 d4 41. Kg5 h4 42. Kxh4 Kg6 43. Kg4 d3 44. Ra6+ Kf7 45. Kf3 g5 46. Rd6 Rxa5 47. Rxd3 Kg6 48. Kg3 Kh5 49. Rb3 Ra1 50. Rc3 Rg1+ 51. Kh3 Rh1+ 52. Kg3 1/2-1/2

[Event "London Mindsports FM"]
[Site "London"]
[Date "2022.09.14"]
[Round "9.2"]
[White "Cont, Arya"]
[Black "Keohane, Benedict A"]
[Result "1-0"]
[WhiteElo "1954"]
[BlackElo "2045"]
[PlyCount "87"]
[EventDate "2022.09.09"]
[EventType "tourn"]
[EventRounds "10"]
[EventCountry "ENG"]
[SourceTitle "CBM 210 Extra"]
[Source "ChessBase"]
[SourceDate "2022.11.30"]
[SourceVersion "1"]
[SourceVersionDate "2022.11.30"]
[SourceQuality "1"]

1. e4 Nf6 2. e5 Nd5 3. Nc3 Nb6 4. d4 d6 5. f4 g6 6. Be3 Bg7 7. Qf3 Nc6 8. 0-0-0 h5 9. h3 d5 10. Be2 h4 11. g4 hxg3 12. Qxg3 Bf5 13. Nf3 e6 14. h4 Nb4 15. Ne1 Qe7 16. a3 Nc6 17. Nf3 0-0-0 18. h5 Rdg8 19. Nh4 Bf8 20. Rdg1 Na5 21. Bf2 Bh6 22. Kb1 c6 23. Be3 Nac4 24. Bc1 a5 25. Bd3 Qf8 26. hxg6 fxg6 27. Bxf5 gxf5 28. Ng6 Qe8 29. Rxh6 Rxh6 30. Ne7+ Qxe7 31. Qxg8+ Qd8 32. Qxd8+ Kxd8 33. b3 Rh3 34. Nd1 a4 35. bxc4 Nxc4 36. Nf2 Nxa3+ 37. Bxa3 Rxa3 38. Nd3 Rc3 39. Rg7 b6 40. Rb7 a3 41. Rxb6 a2+ 42. Kxa2 Rxc2+ 43. Kb3 Rc4 44. Rb4 1-0

[Event "London Mindsports FM"]
[Site "London"]
[Date "2022.09.09"]
[Round "1.2"]
[White "Cont, Arya"]
[Black "Franco, Gaston Nicolas"]
[Result "1/2-1/2"]
[WhiteElo "1954"]
[BlackElo "2027"]
[PlyCount "42"]
[EventDate "2022.09.09"]
[EventType "tourn"]
[EventRounds "10"]
[EventCountry "ENG"]
[SourceTitle "CBM 210 Extra"]
[Source "ChessBase"]
[SourceDate "2022.11.30"]
[SourceVersion "1"]
[SourceVersionDate "2022.11.30"]
[SourceQuality "1"]

1. e4 c5 2. d4 cxd4 3. c3 Nf6 4. e5 Nd5 5. Nf3 Nc6 6. Bc4 Nb6 7. Bb3 d6 8. exd6 e6 9. cxd4 Bxd6 10. Nc3 0-0 11. 0-0 Bd7 12. Re1 Rc8 13. Bg5 Be7 14. Bxe7 Nxe7 15. Ne5 Be8 16. Qd3 Nbd5 17. Rad1 f6 18. Nc4 Qd7 19. Ba4 Qc7 20. Bxe8 Rfxe8 21. Nxd5 Nxd5 1/2-1/2

[Event "EU-chT U18"]
[Site "Thessaloniki"]
[Date "2022.07.18"]
[Round "7.8"]
[White "Skodras, Marios Konstantinos"]
[Black "Cont, Arya"]
[Result "0-1"]
[WhiteElo "1446"]
[BlackElo "1968"]
[PlyCount "84"]
[EventDate "2022.07.12"]
[EventType "team-swiss"]
[EventRounds "7"]
[EventCountry "GRE"]
[SourceTitle "CBM 209 Extra"]
[Source "ChessBase"]
[SourceDate "2022.09.30"]
[SourceVersion "1"]
[SourceVersionDate "2022.09.30"]
[SourceQuality "1"]
[WhiteTeam "Greece Esth U18"]
[BlackTeam "England U18"]
[WhiteTeamCountry "GRE"]
[BlackTeamCountry "ENG"]

1. e4 e6 2. d4 d5 3. exd5 exd5 4. Bd3 Nc6 5. c3 Bd6 6. Nf3 Nge7 7. Bg5 Bg4 8. Nbd2 Qd7 9. Qc2 0-0-0 10. 0-0-0 f6 11. Bh4 Bf5 12. Bg3 Bxd3 13. Qxd3 Nf5 14. Rde1 g6 15. Nb3 Rde8 16. Bxd6 Nxd6 17. Nfd2 b6 18. Qf3 Qf7 19. Kc2 f5 20. Nc1 Ne4 21. Nxe4 dxe4 22. Qe2 Qd5 23. Rd1 Rhf8 24. Rhf1 f4 25. f3 Qf5 26. fxe4 Rxe4 27. Qd3 Rfe8 28. Kb1 Kb8 29. g3 g5 30. b3 Ne7 31. g4 Qg6 32. Rfe1 Nd5 33. Rxe4 Rxe4 34. Kb2 Ne3 35. Re1 Nc4+ 36. Qxc4 Rxe1 37. Nd3 Re2+ 38. Ka3 Qd6+ 39. b4 Qe6 40. Qxe6 Rxe6 41. Ne5 Rxe5 42. dxe5 f3 0-1

[Event "EU-chT U18"]
[Site "Thessaloniki"]
[Date "2022.07.17"]
[Round "6.6"]
[White "Cont, Arya"]
[Black "Antonica, Dragos Andrei"]
[Result "0-1"]
[WhiteElo "1968"]
[BlackElo "2355"]
[PlyCount "92"]
[EventDate "2022.07.12"]
[EventType "team-swiss"]
[EventRounds "7"]
[EventCountry "GRE"]
[SourceTitle "CBM 209 Extra"]
[Source "ChessBase"]
[SourceDate "2022.09.30"]
[SourceVersion "1"]
[SourceVersionDate "2022.09.30"]
[SourceQuality "1"]
[WhiteTeam "England U18"]
[BlackTeam "Romania U18"]
[WhiteTeamCountry "ENG"]
[BlackTeamCountry "ROU"]

1. e4 e6 2. d4 d5 3. Nd2 Nf6 4. Bd3 c5 5. exd5 Qxd5 6. Bb5+ Nc6 7. Bxc6+ Qxc6 8. Ngf3 b6 9. 0-0 Bb7 10. dxc5 Bxc5 11. Nb3 Be7 12. Qe2 0-0 13. Bg5 h6 14. Nbd4 Qc8 15. Bxf6 Bxf6 16. c4 Qc5 17. Rfd1 Rfd8 18. Nb5 a6 19. Nc3 Rac8 20. Rxd8+ Rxd8 21. Rd1 Rc8 22. Nd2 Qc6 23. f3 Bd4+ 24. Kf1 Bxc3 25. bxc3 a5 26. Rb1 Ba6 27. Kg1 Rd8 28. Rb2 a4 29. Rb4 Qc5+ 30. Kf1 Rxd2 31. Qxd2 Bxc4+ 32. Rxc4 Qxc4+ 33. Ke1 f5 34. Kd1 Qf1+ 35. Kc2 Qa1 36. Kd3 a3 37. Qc2 Kh7 38. Qe2 b5 39. g4 Qb1+ 40. Kd4 Qg1+ 41. Ke5 Qb6 42. Qd3 Qb8+ 43. Kd4 Qd6+ 44. Ke3 Qe5+ 45. Kf2 Qxh2+ 46. Ke3 Qxa2 0-1

[Event "EU-chT U18"]
[Site "Thessaloniki"]
[Date "2022.07.16"]
[Round "5.8"]
[White "Cont, Arya"]
[Black "Aydogdu, Selcan Ayberk"]
[Result "0-1"]
[WhiteElo "1968"]
[BlackElo "1902"]
[PlyCount "64"]
[EventDate "2022.07.12"]
[EventType "team-swiss"]
[EventRounds "7"]
[EventCountry "GRE"]
[SourceTitle "CBM 209 Extra"]
[Source "ChessBase"]
[SourceDate "2022.09.30"]
[SourceVersion "1"]
[SourceVersionDate "2022.09.30"]
[SourceQuality "1"]
[WhiteTeam "England U18"]
[BlackTeam "Turkey U18"]
[WhiteTeamCountry "ENG"]
[BlackTeamCountry "TUR"]

1. e4 e6 2. b3 d5 3. Bb2 dxe4 4. Nc3 Nf6 5. Qe2 Bb4 6. 0-0-0 Bxc3 7. dxc3 Qe7 8. g4 h6 9. Bg2 Bd7 10. h4 Nc6 11. g5 Nd5 12. Nh3 hxg5 13. hxg5 f5 14. f3 exf3 15. Qxf3 0-0-0 16. c4 Nb6 17. Rhe1 Kb8 18. Qc3 e5 19. c5 Nc8 20. b4 Nd4 21. Qe3 Bc6 22. Bxc6 Nxc6 23. b5 Rxd1+ 24. Rxd1 f4 25. Qf3 Na5 26. c6 bxc6 27. bxc6 Qe6 28. Nf2 Qxc6 29. Qe2 Nc4 30. Bxe5 Re8 31. Nd3 Qb5 32. Re1 Rxe5 0-1

[Event "EU-chT U18"]
[Site "Thessaloniki"]
[Date "2022.07.14"]
[Round "3.5"]
[White "Zemach, Nadav"]
[Black "Cont, Arya"]
[Result "0-1"]
[WhiteElo "2225"]
[BlackElo "1968"]
[PlyCount "48"]
[EventDate "2022.07.12"]
[EventType "team-swiss"]
[EventRounds "7"]
[EventCountry "GRE"]
[SourceTitle "CBM 209 Extra"]
[Source "ChessBase"]
[SourceDate "2022.09.30"]
[SourceVersion "1"]
[SourceVersionDate "2022.09.30"]
[SourceQuality "1"]
[WhiteTeam "Israel Tel Aviv U18"]
[BlackTeam "England U18"]
[WhiteTeamCountry "ISR"]
[BlackTeamCountry "ENG"]

1. d4 d5 2. Nf3 Nf6 3. g3 e6 4. Bg2 c5 5. c4 Nc6 6. 0-0 dxc4 7. dxc5 Qxd1 8. Rxd1 Bxc5 9. Nbd2 c3 10. bxc3 0-0 11. Nb3 Be7 12. c4 e5 13. Bb2 e4 14. Nfd2 Bf5 15. Rac1 Rfe8 16. c5 e3 17. fxe3 Ng4 18. e4 Be6 19. Bf3 Ne3 20. Re1 Nb4 21. Kf2 Bg5 22. a3 Nbc2 23. Rg1 Bh3 24. Nd4 Nd1+ 0-1

[Event "BCF-chT 2122 (4NCL)"]
[Site "England"]
[Date "2022.02.13"]
[Round "4.43"]
[White "Arkell, Keith C"]
[Black "Cont, Arya"]
[Result "1-0"]
[WhiteElo "2380"]
[BlackElo "2000"]
[PlyCount "279"]
[EventDate "2021.11.27"]
[EventType "team-swiss"]
[EventRounds "11"]
[EventCountry "ENG"]
[SourceTitle "EXT 2023"]
[Source "ChessBase"]
[SourceDate "2022.10.05"]
[SourceVersion "1"]
[SourceVersionDate "2022.10.05"]
[SourceQuality "1"]
[WhiteTeam "Cheddleton"]
[BlackTeam "Oxford"]
[WhiteTeamCountry "ENG"]
[BlackTeamCountry "ENG"]

1. d4 d5 2. Nf3 Nf6 3. c4 e6 4. cxd5 exd5 5. Nc3 Bb4 6. Qa4+ Nc6 7. Bg5 h6 8. Bxf6 Qxf6 9. e3 0-0 10. Be2 Rd8 11. a3 Bxc3+ 12. bxc3 Bg4 13. 0-0 b6 14. c4 Ne7 15. Rfc1 c6 16. cxd5 Rxd5 17. h3 Ra5 18. Qd1 Bxf3 19. Bxf3 Rd8 20. Qe2 c5 21. dxc5 Rxc5 22. Rd1 Rdc8 23. Rab1 Rc2 24. Rd8+ Rxd8 25. Qxc2 Qf5 26. Qxf5 Nxf5 27. Rc1 Nd6 28. a4 Rd7 29. Rd1 Kf8 30. Bg4 Rd8 31. Rc1 Ne8 32. Kf1 g6 33. Be2 Rd7 34. g4 Rc7 35. Rd1 Ke7 36. h4 Nd6 37. Rd4 Rc5 38. Kg2 f6 39. f4 Ke6 40. Kf3 g5 41. hxg5 hxg5 42. Bd1 gxf4 43. exf4 Rc3+ 44. Ke2 f5 45. g5 Ra3 46. Bc2 a6 47. Rb4 b5 48. axb5 axb5 49. Bb3+ Ke7 50. Kd3 Ra1 51. Kd4 Rb1 52. Kd3 Rf1 53. Ba2 Rg1 54. Kd4 Rd1+ 55. Ke3 Re1+ 56. Kf3 Ne4 57. Rxb5 Rf1+ 58. Ke3 Re1+ 59. Kd4 Rd1+ 60. Ke5 Nd6 61. Rb1 Rd2 62. Bd5 Re2+ 63. Kd4 Rd2+ 64. Kc5 Rc2+ 65. Kb6 Rf2 66. Re1+ Kf8 67. Kc6 Nf7 68. Ra1 Rxf4 69. Ra8+ Kg7 70. Ra7 Kg6 71. Rxf7 Kxg5 72. Rg7+ Kf6 73. Rg8 Rg4 74. Rf8+ Ke5 75. Kc5 Rg1 76. Re8+ Kf4 77. Bc4 Rg3 78. Kd4 Ra3 79. Rg8 Rg3 80. Rh8 Rg1 81. Bd3 Rg4 82. Rh1 Rg3 83. Ra1 Kg5 84. Rf1 f4 85. Be2 Re3 86. Bf3 Kf5 87. Rf2 Re8 88. Rg2 Rd8+ 89. Kc3 Rd6 90. Bg4+ Kf6 91. Be2 Ke5 92. Rg8 Rc6+ 93. Kd2 Rd6+ 94. Ke1 Rh6 95. Re8+ Re6 96. Ra8 Rh6 97. Ra5+ Ke4 98. Ra4+ Ke3 99. Ra3+ Kd4 100. Kf1 Rb6 101. Kf2 Rh6 102. Ra4+ Ke5 103. Ra5+ Kd4 104. Kf3 Rf6 105. Bd1 Kd3 106. Rd5+ Kc4 107. Rd8 Kb4 108. Bc2 Kc3 109. Be4 Kc4 110. Rd5 Rf8 111. Ra5 Kd4 112. Bf5 Re8 113. Ra4+ Kd5 114. Be4+ Ke5 115. Ra5+ Kd4 116. Bg6 Rg8 117. Bf7 Rg1 118. Rd5+ Kc3 119. Rf5 Rf1+ 120. Ke2 Rh1 121. Rxf4 Rh2+ 122. Ke3 Rh3+ 123. Ke4 Rd3 124. Rf1 Rd4+ 125. Ke5 Rd7 126. Be6 Ra7 127. Rf3+ Kd2 128. Kd4 Ke2 129. Rf8 Rg7 130. Bc4+ Kd2 131. Rf2+ Ke1 132. Re2+ Kd1 133. Rh2 Rg3 134. Bd3 Rg8 135. Kc3 Rc8+ 136. Bc4 Ke1 137. Re2+ Kd1 138. Re7 Rc6 139. Rf7 Rc5 140. Rd7+ 1-0

[Event "BCF-chT4S 1819 (4NCL)"]
[Site "England"]
[Date "2019.01.12"]
[Round "3.112"]
[White "Kamath, Vikram"]
[Black "Cont, Arya"]
[Result "1/2-1/2"]
[WhiteElo "1823"]
[BlackElo "1901"]
[PlyCount "73"]
[EventDate "2018.11.17"]
[EventType "team-swiss"]
[EventRounds "11"]
[EventCountry "ENG"]
[SourceTitle "EXT 2021"]
[Source "ChessBase"]
[SourceDate "2020.10.23"]
[SourceVersion "1"]
[SourceVersionDate "2020.10.23"]
[SourceQuality "1"]
[WhiteTeam "Rook & Roll"]
[BlackTeam "Oxford III"]
[WhiteTeamCountry "ENG"]
[BlackTeamCountry "ENG"]

1. e4 e6 2. Nf3 d5 3. e5 Bd7 4. d4 c5 5. c3 Nc6 6. Bd3 cxd4 7. cxd4 Qb6 8. Bc2 Nb4 9. Nc3 Qa6 10. a3 Rc8 11. Be3 Nxc2+ 12. Qxc2 Bb4 13. Kd2 Bxc3+ 14. bxc3 Ne7 15. Rhc1 Ba4 16. Qb1 Nc6 17. Ke1 Na5 18. Nd2 0-0 19. Qb4 b5 20. Rab1 Rc7 21. c4 dxc4 22. Qc3 Nc6 23. Ne4 Qa5 24. Qxa5 Nxa5 25. Nc5 Nb3 26. Nxb3 Bxb3 27. Kd2 Rfc8 28. Kc3 a5 29. Kb2 b4 30. axb4 axb4 31. Ra1 h6 32. Ra5 Rb7 33. Rca1 Kh7 34. g4 Kg6 35. h4 Rcc7 36. h5+ Kh7 37. Ra8 1/2-1/2

[Event "Witney op U170 6th"]
[Site "Witney"]
[Date "2018.11.04"]
[Round "5"]
[White "Cont, Arya"]
[Black "Webb, Andrew"]
[Result "1-0"]
[WhiteElo "1961"]
[BlackElo "146"]
[PlyCount "51"]
[EventDate "2018.11.03"]
[EventType "swiss"]
[EventRounds "5"]
[EventCountry "ENG"]
[SourceTitle "CBM 187 Extra"]
[Source "ChessBase"]
[SourceDate "2018.11.04"]
[SourceVersion "1"]
[SourceVersionDate "2018.11.04"]
[SourceQuality "1"]

1. e4 e6 2. d4 d5 3. Bd3 dxe4 4. Bxe4 Nf6 5. Bf3 c5 6. Ne2 Qc7 7. Nbc3 Bd7 8. Bf4 Qb6 9. 0-0 Bc6 10. d5 exd5 11. Re1 Be7 12. Ng3 Ne4 13. Ncxe4 dxe4 14. Bxe4 g6 15. Be5 0-0 16. Bxb8 Rd8 17. Qf3 Bxe4 18. Qxe4 Bf6 19. Be5 Re8 20. Qf4 Bxe5 21. Rxe5 Qxb2 22. Rae1 Rxe5 23. Qxe5 Qxc2 24. Ne4 c4 25. Nf6+ Kf8 26. Nh5 1-0

[Event "FRA-chT U16"]
[Site "Sautron"]
[Date "2018.05.20"]
[Round "3.1"]
[White "Cont, Arya"]
[Black "Bellahcene, Meriem"]
[Result "1/2-1/2"]
[WhiteElo "1966"]
[BlackElo "1895"]
[PlyCount "34"]
[EventDate "2018.05.19"]
[EventType "team-match"]
[EventRounds "5"]
[EventCountry "FRA"]
[SourceTitle "EXT 2019"]
[Source "ChessBase"]
[SourceDate "2018.10.10"]
[SourceVersion "1"]
[SourceVersionDate "2018.10.10"]
[SourceQuality "1"]

1. e3 d5 2. Nf3 c5 3. c4 Nf6 4. b3 Nc6 5. Bb2 Bf5 6. Bxf6 exf6 7. cxd5 Qxd5 8. Bc4 Qd7 9. 0-0 Bd6 10. Nc3 0-0 11. h3 Ne5 12. Bb5 Qe6 13. Nxe5 Bxe5 14. Bc4 Qd7 15. Bb5 Qe6 16. Bc4 Qd7 17. Bb5 Qe6 1/2-1/2

[Event "FRA-chT U20 GpB 1213"]
[Site "France"]
[Date "2013.01.05"]
[Round "6"]
[White "Bassini, Emile"]
[Black "Cont, Arya"]
[Result "1-0"]
[WhiteElo "1476"]
[BlackElo "1140"]
[PlyCount "69"]
[EventDate "2012.12.01"]
[EventType "team"]
[EventRounds "7"]
[EventCountry "FRA"]
[SourceTitle "EXT 2014"]
[Source "ChessBase"]
[SourceDate "2013.11.20"]
[SourceVersion "1"]
[SourceVersionDate "2013.11.20"]
[SourceQuality "1"]
[WhiteTeam "Bois Colombes (U20)"]
[BlackTeam "Lutece (U20)"]
[WhiteTeamCountry "FRA"]
[BlackTeamCountry "FRA"]

1. d4 e5 2. c4 Nc6 3. d5 Nd4 4. e4 Bc5 5. a3 d6 6. b4 Bb6 7. Bb2 c5 8. Bxd4 cxd4 9. Bd3 Nf6 10. Nd2 Bg4 11. f3 Bd7 12. Ne2 Qe7 13. Rc1 a5 14. Qb3 a4 15. Qb2 Nh5 16. h4 0-0 17. g4 Nf6 18. Kf2 Rfe8 19. Rcg1 Rad8 20. h5 Bc8 21. g5 Nd7 22. g6 h6 23. gxf7+ Qxf7 24. Ng3 Nf6 25. Ke2 Nh7 26. Nf5 Rf8 27. Nxh6+ Kh8 28. Nxf7+ Rxf7 29. Qc1 Bc7 30. Nf1 Rdf8 31. h6 Rxf3 32. hxg7+ Kg8 33. Qh6 Rf2+ 34. Kd1 R2f7 35. Qxh7# 1-0